Winfield : a player's life /

Bibliographic Details
Main Author: Winfield, Dave, 1951-
Other Authors: Parker, Thomas Trebitsch, 1943-
Format: Book
Language:English
Published: New York : Norton, [1988]
Edition:1st ed.
Subjects:

MARC

Tag First Indicator Second Indicator Subfields
LEADER 00000cam a2200000 a 4500
001 in00000025950
005 20151007055740.0
008 871209s1988 nyuaf 00010aeng
010 |a  87035313  
020 |a 0393024679 :  |c $16.95 
035 |a (OCoLC)17327737 
035 |9 AAB9152AM 
040 |a DLC  |c DLC  |d TXA  |d UtOrBLW 
043 |a n-us-ny 
049 |a TXAM  |c [A11032318] 
050 0 0 |a GV865.W57  |b A3 1988 
082 0 |a 796.357/092/4  |a B  |2 19 
100 1 |a Winfield, Dave,  |d 1951- 
245 1 0 |a Winfield :  |b a player's life /  |c Dave Winfield with Tom Parker. 
250 |a 1st ed. 
264 1 |a New York :  |b Norton,  |c [1988] 
264 4 |c ©1988 
300 |a 314 pages, 22 unnumbered pages of plates :  |b illustrations ;  |c 22 cm. 
336 |a text  |b txt  |2 rdacontent 
337 |a unmediated  |b n  |2 rdamedia 
338 |a volume  |b nc  |2 rdacarrier 
600 1 0 |a Winfield, Dave,  |d 1951- 
650 0 |a Baseball players  |z United States  |v Biography. 
610 2 0 |a New York Yankees (Baseball team) 
700 1 |a Parker, Thomas Trebitsch,  |d 1943- 
999 |a MARS 
999 f f |s ce4838b8-b371-308f-9b69-60a98fe28582  |i 2c22a06a-129b-3c67-876d-c601ab740b02  |t 0 
952 f f |p ric  |a Texas A&M University  |b Rellis Campus  |c Joint Library Facility  |d Remote Storage  |t 0  |e GV865.W57 A3 1988  |h Library of Congress classification  |i unmediated -- volume  |m A14811032318 
998 f f |a GV865.W57 A3 1988  |t 0  |l Remote Storage